[Event "GER-ch Seniors 65 36th"]
[Site "Bad Wildungen"]
[Date "2024.08.30"]
[Round "8"]
[White "Okrajek, Alexander"]
[Black "Klundt, Klaus"]
[Result "1/2-1/2"]
[WhiteElo "2172"]
[BlackElo "2264"]
[PlyCount "33"]
[EventDate "2024.08.25"]
[EventType "swiss"]
[EventRounds "9"]
[EventCountry "GER"]
[SourceTitle "CBM 221 Extra"]
[Source "ChessBase"]
[SourceDate "2024.09.30"]
[SourceVersion "1"]
[SourceVersionDate "2024.09.30"]
[SourceQuality "1"]

1. d4 Nf6 2. Nf3 d5 3. e3 e6 4. Nbd2 c5 5. c3 Nc6 6. Bd3 Be7 7. 0-0 Qc7 8. a3 0-0 9. dxc5 Bxc5 10. b4 Be7 11. c4 Ne5 12. Nxe5 Qxe5 13. Rb1 Rd8 14. Bb2 Qd6 15. Nf3 dxc4 16. Bxc4 Qxd1 17. Rfxd1 1/2-1/2

[Event "GER-ch Seniors 65 36th"]
[Site "Bad Wildungen"]
[Date "2024.08.27"]
[Round "5"]
[White "Klundt, Klaus"]
[Black "Dekan, Hans"]
[Result "0-1"]
[WhiteElo "2264"]
[BlackElo "2079"]
[PlyCount "66"]
[EventDate "2024.08.25"]
[EventType "swiss"]
[EventRounds "9"]
[EventCountry "GER"]
[SourceTitle "CBM 221 Extra"]
[Source "ChessBase"]
[SourceDate "2024.09.30"]
[SourceVersion "1"]
[SourceVersionDate "2024.09.30"]
[SourceQuality "1"]

1. e4 c5 2. Nf3 Nc6 3. Nc3 d6 4. d4 cxd4 5. Nxd4 Nf6 6. Nd5 e6 7. Nxf6+ gxf6 8. g3 e5 9. Nb5 Be6 10. Be3 Rc8 11. Qd2 d5 12. Nxa7 d4 13. Nxc6 Rxc6 14. Bb5 Qb6 15. Bxc6+ Qxc6 16. 0-0-0 Qa6 17. Bxd4 Qxa2 18. Qe3 exd4 19. Qxd4 Be7 20. f4 0-0 21. f5 Rd8 22. Qxd8+ Bxd8 23. fxe6 Qa1+ 24. Kd2 Qa5+ 25. Ke2 fxe6 26. Rd3 Bb6 27. Rf1 Kg7 28. g4 Qe5 29. Kf3 Qxh2 30. Rd7+ Kg6 31. Rxb7 Qh3+ 32. Ke2 Qe3+ 33. Kd1 Qxe4 0-1

[Event "GER-ch Seniors 65 36th"]
[Site "Bad Wildungen"]
[Date "2024.08.25"]
[Round "1"]
[White "Klundt, Klaus"]
[Black "Juenger, Leonhard"]
[Result "1-0"]
[WhiteElo "2264"]
[BlackElo "1912"]
[PlyCount "71"]
[EventDate "2024.08.25"]
[EventType "swiss"]
[EventRounds "9"]
[EventCountry "GER"]
[SourceTitle "CBM 221 Extra"]
[Source "ChessBase"]
[SourceDate "2024.09.30"]
[SourceVersion "1"]
[SourceVersionDate "2024.09.30"]
[SourceQuality "1"]

1. e4 c5 2. Nf3 e6 3. d4 cxd4 4. Nxd4 Nf6 5. Nc3 Nc6 6. Ndb5 d6 7. Bf4 e5 8. Bg5 a6 9. Na3 b5 10. Nd5 Be7 11. Bxf6 Bxf6 12. c4 b4 13. Nc2 Bg5 14. g3 0-0 15. h4 Bh6 16. Bh3 Be6 17. Kf1 Rb8 18. Kg2 a5 19. b3 Qd7 20. Qd3 f6 21. Rad1 Bxh3+ 22. Rxh3 Rbd8 23. Rhh1 Kh8 24. f3 g6 25. Qe2 Qg7 26. h5 f5 27. hxg6 Qxg6 28. Rh3 Rf7 29. Rdh1 Bf4 30. exf5 Qg5 31. Qe4 Bxg3 32. Rxg3 Qd2+ 33. Kf1 Qd1+ 34. Ne1 Nd4 35. f6 Rdf8 36. Rg7 1-0

[Event "Oberliga Ost-B 2324"]
[Site "Germany"]
[Date "2024.04.14"]
[Round "11.4"]
[White "Klundt, Klaus"]
[Black "Baum, Bernd"]
[Result "1/2-1/2"]
[WhiteElo "2270"]
[BlackElo "2197"]
[PlyCount "31"]
[EventDate "2023.10.22"]
[EventType "team-tourn"]
[EventRounds "11"]
[EventCountry "GER"]
[SourceTitle "EXT 2025"]
[Source "ChessBase"]
[SourceDate "2024.10.14"]
[SourceVersion "1"]
[SourceVersionDate "2024.10.14"]
[SourceQuality "1"]
[WhiteTeam "Heusenstamm"]
[BlackTeam "Marburg"]
[WhiteTeamCountry "GER"]
[BlackTeamCountry "GER"]

1. e4 c5 2. Nf3 Nc6 3. d4 cxd4 4. Nxd4 Nf6 5. Nc3 d6 6. Nd5 Nxd5 7. exd5 Qa5+ 8. Bd2 Qxd5 9. Nb5 Qe6+ 10. Be2 Qd7 11. 0-0 a6 12. Nc3 e6 13. Na4 Qd8 14. Be3 b5 15. Nb6 Rb8 16. Nxc8 1/2-1/2

[Event "Oberliga Ost-B 2324"]
[Site "Germany"]
[Date "2024.03.16"]
[Round "8.6"]
[White "Akbarinia, Sayed Arash"]
[Black "Klundt, Klaus"]
[Result "1-0"]
[WhiteElo "2376"]
[BlackElo "2270"]
[PlyCount "97"]
[EventDate "2023.10.22"]
[EventType "team-tourn"]
[EventRounds "11"]
[EventCountry "GER"]
[SourceTitle "EXT 2025"]
[Source "ChessBase"]
[SourceDate "2024.10.14"]
[SourceVersion "1"]
[SourceVersionDate "2024.10.14"]
[SourceQuality "1"]
[WhiteTeam "Oberursel"]
[BlackTeam "Heusenstamm"]
[WhiteTeamCountry "GER"]
[BlackTeamCountry "GER"]

1. c4 c6 2. Nf3 Nf6 3. g3 d5 4. Bg2 e6 5. 0-0 Be7 6. d4 0-0 7. Nbd2 Nbd7 8. Qc2 b6 9. e4 Bb7 10. Rd1 Rc8 11. b3 dxe4 12. Nxe4 c5 13. Nxf6+ Bxf6 14. Ng5 Bxg5 15. Bxb7 Rc7 16. Be4 f5 17. Bg2 cxd4 18. Bxg5 Qxg5 19. Rxd4 e5 20. Rd5 Qe7 21. Re1 Rc5 22. Qd2 Rxd5 23. Qxd5+ Kh8 24. Qb7 Qd6 25. Qd5 Qxd5 26. Bxd5 e4 27. f3 Nf6 28. fxe4 fxe4 29. Re2 Re8 30. Kf2 Re5 31. Ke3 h5 32. Kd4 Rg5 33. Bxe4 h4 34. gxh4 Rg4 35. c5 bxc5+ 36. Ke5 Rxh4 37. Bf5 Ng4+ 38. Kd6 g6 39. Bxg4 Rxg4 40. Kxc5 Rh4 41. Kb5 Rf4 42. Ka6 Rf7 43. b4 Kg7 44. b5 g5 45. a4 Kg6 46. a5 g4 47. b6 axb6 48. axb6 Rf1 49. Rb2 1-0

[Event "Oberliga Ost-B 2324"]
[Site "Germany"]
[Date "2024.01.14"]
[Round "5.4"]
[White "Kirchner, Markus"]
[Black "Klundt, Klaus"]
[Result "1/2-1/2"]
[WhiteElo "2134"]
[BlackElo "2270"]
[PlyCount "60"]
[EventDate "2023.10.22"]
[EventType "team-tourn"]
[EventRounds "11"]
[EventCountry "GER"]
[SourceTitle "EXT 2025"]
[Source "ChessBase"]
[SourceDate "2024.10.14"]
[SourceVersion "1"]
[SourceVersionDate "2024.10.14"]
[SourceQuality "1"]
[WhiteTeam "Schoeneck"]
[BlackTeam "Heusenstamm"]
[WhiteTeamCountry "GER"]
[BlackTeamCountry "GER"]

1. e4 c5 2. Nf3 e6 3. c4 Nc6 4. Nc3 Nf6 5. Be2 e5 6. 0-0 d6 7. d3 h6 8. Ne1 g5 9. Nc2 Bg7 10. a3 Nd4 11. Ne3 0-0 12. h3 Be6 13. b4 Qd7 14. Kh2 Nh7 15. g4 Rfe8 16. Rb1 Nf8 17. Nf5 Ng6 18. Be3 Nf4 19. Bxf4 exf4 20. Nxd4 Bxd4 21. Nd5 Kg7 22. Bf3 Rab8 23. Qd2 f6 24. Rg1 Rh8 25. h4 Rhc8 26. b5 Re8 27. h5 Bf7 28. a4 Re5 29. Nc3 Qd8 30. Na2 Re8 1/2-1/2

[Event "Oberliga Ost-B 2324"]
[Site "Germany"]
[Date "2024.01.13"]
[Round "4.4"]
[White "Klundt, Klaus"]
[Black "Lutz, Klaus Juergen"]
[Result "1-0"]
[WhiteElo "2270"]
[BlackElo "2247"]
[PlyCount "117"]
[EventDate "2023.10.22"]
[EventType "team-tourn"]
[EventRounds "11"]
[EventCountry "GER"]
[SourceTitle "EXT 2025"]
[Source "ChessBase"]
[SourceDate "2024.10.14"]
[SourceVersion "1"]
[SourceVersionDate "2024.10.14"]
[SourceQuality "1"]
[WhiteTeam "Heusenstamm"]
[BlackTeam "Neuberg"]
[WhiteTeamCountry "GER"]
[BlackTeamCountry "GER"]

1. e4 c5 2. Nf3 d6 3. d4 cxd4 4. Nxd4 Nf6 5. Nc3 g6 6. Be3 Bg7 7. f3 0-0 8. Qd2 Nc6 9. 0-0-0 d5 10. exd5 Nxd5 11. Nxc6 bxc6 12. Bd4 e5 13. Bc5 Re8 14. Bc4 Be6 15. Ne4 h6 16. Rhe1 Qc7 17. Bb3 a5 18. Bd6 Qd8 19. Ba3 a4 20. Bc4 f5 21. Nc5 Bf7 22. Nb7 Qh4 23. Nd6 Red8 24. g3 Qf6 25. Nxf7 Qxf7 26. Re3 Kh7 27. Rd3 e4 28. fxe4 fxe4 29. Bxd5 cxd5 30. Rxd5 e3 31. Qd3 Rxd5 32. Qxd5 Qa7 33. Bc5 Qb8 34. Bd4 Ra7 35. Re1 a3 36. b3 Re7 37. Bxg7 Rxg7 38. Rxe3 Qf8 39. Qe5 Rd7 40. Qe8 Qg7 41. c3 Rf7 42. b4 Qf6 43. Kc2 Qf2+ 44. Re2 Qf5+ 45. Qe4 Qb5 46. Qe8 Qf5+ 47. Qe4 Qb5 48. Kb3 Ra7 49. c4 Qa4+ 50. Kc3 Qd1 51. b5 Qa1+ 52. Kb4 Qd1 53. Qc2 Qd6+ 54. Kb3 Qf6 55. Qe4 Qd6 56. Qd5 Qb6 57. Re8 h5 58. Qg8+ Kh6 59. Qf8+ 1-0

[Event "Heusenstamm Sparkassen op-A 9th"]
[Site "Heusenstamm"]
[Date "2023.11.25"]
[Round "4"]
[White "Klundt, Klaus"]
[Black "Krastev, Alexander"]
[Result "0-1"]
[WhiteElo "2280"]
[BlackElo "2440"]
[PlyCount "94"]
[EventDate "2023.11.23"]
[EventType "swiss"]
[EventRounds "7"]
[EventCountry "GER"]
[SourceTitle "CBM 217 Extra"]
[Source "ChessBase"]
[SourceDate "2024.01.31"]
[SourceVersion "1"]
[SourceVersionDate "2024.01.31"]
[SourceQuality "1"]

1. e4 c5 2. Nf3 e6 3. d4 cxd4 4. Nxd4 Nf6 5. Nc3 d6 6. Be3 a6 7. Bc4 b5 8. Bb3 Bb7 9. f3 Nbd7 10. Qe2 Nc5 11. 0-0-0 Qc7 12. g4 Be7 13. g5 Nfd7 14. h4 g6 15. h5 0-0-0 16. Qh2 Rhf8 17. hxg6 hxg6 18. Qf2 Kb8 19. Rh7 Ne5 20. Kb1 Ka8 21. a4 b4 22. Na2 d5 23. exd5 Nxb3 24. Nxb3 Rxd5 25. Rxd5 Bxd5 26. Bf4 Nd3 27. Bxc7 Nxf2 28. Bb6 Nd3 29. cxd3 Bxb3 30. Ba5 e5 31. Nxb4 Rc8 32. Nxa6 Rc2 33. Bb4 Bxg5 34. Rh1 Be3 35. Bc3 Rf2 36. Bxe5 Bc2+ 37. Ka1 Bxd3 38. Nc7+ Kb7 39. Nd5 Rxf3 40. Nxe3 Rxe3 41. Bc3 Bc2 42. Rh4 f5 43. Ka2 g5 44. Rb4+ Ka6 45. Rc4 f4 46. a5 Be4 47. Rc5 f3 0-1

[Event "Heusenstamm Sparkassen op-A 9th"]
[Site "Heusenstamm"]
[Date "2023.11.23"]
[Round "1"]
[White "Mohr, Thomas"]
[Black "Klundt, Klaus"]
[Result "0-1"]
[WhiteElo "1857"]
[BlackElo "2280"]
[PlyCount "56"]
[EventDate "2023.11.23"]
[EventType "swiss"]
[EventRounds "7"]
[EventCountry "GER"]
[SourceTitle "CBM 217 Extra"]
[Source "ChessBase"]
[SourceDate "2024.01.31"]
[SourceVersion "1"]
[SourceVersionDate "2024.01.31"]
[SourceQuality "1"]

1. f4 Nf6 2. Nf3 g6 3. e3 Bg7 4. d4 d6 5. Be2 0-0 6. 0-0 c5 7. c3 b6 8. Nbd2 Bb7 9. Qe1 Nc6 10. Qh4 e6 11. g4 cxd4 12. Nxd4 Nxd4 13. exd4 Nd5 14. Qg3 f5 15. Nf3 Qd7 16. a4 Nf6 17. Nd2 fxg4 18. Bxg4 Nxg4 19. Qxg4 Rf5 20. Nf3 Raf8 21. Bd2 Qc6 22. h4 e5 23. Be3 Bh6 24. Ng5 exf4 25. Bd2 Bxg5 26. hxg5 Qd5 27. Kf2 Rxg5 28. Qh3 Rg2+ 0-1

[Event "Oberliga Ost-B 2223"]
[Site "Germany"]
[Date "2023.03.18"]
[Round "10.5"]
[White "Klundt, Klaus"]
[Black "Rempel, Patrick"]
[Result "1-0"]
[WhiteElo "2277"]
[BlackElo "2028"]
[PlyCount "35"]
[EventDate "2022.09.18"]
[EventType "team-tourn"]
[EventRounds "11"]
[EventCountry "GER"]
[SourceTitle "EXT 2025"]
[Source "ChessBase"]
[SourceDate "2024.10.14"]
[SourceVersion "1"]
[SourceVersionDate "2024.10.14"]
[SourceQuality "1"]
[WhiteTeam "Heusenstamm"]
[BlackTeam "Erfurt Empor"]
[WhiteTeamCountry "GER"]
[BlackTeamCountry "GER"]

1. e4 e5 2. Nf3 d6 3. d4 exd4 4. Nxd4 Nf6 5. Nc3 Be7 6. Bf4 0-0 7. Qd2 Nc6 8. 0-0-0 Nxd4 9. Qxd4 Be6 10. Kb1 a6 11. g3 b5 12. Bg2 Qc8 13. Rhe1 Nd7 14. Nd5 Bxd5 15. Qxd5 Ra7 16. Bh3 Nf6 17. Bxc8 Nxd5 18. exd5 1-0

[Event "Oberliga Ost-B 2223"]
[Site "Germany"]
[Date "2023.02.26"]
[Round "9.4"]
[White "Klundt, Klaus"]
[Black "Neumann, Martin1"]
[Result "1-0"]
[WhiteElo "2277"]
[BlackElo "2146"]
[PlyCount "77"]
[EventDate "2022.09.18"]
[EventType "team-tourn"]
[EventRounds "11"]
[EventCountry "GER"]
[SourceTitle "EXT 2025"]
[Source "ChessBase"]
[SourceDate "2024.10.14"]
[SourceVersion "1"]
[SourceVersionDate "2024.10.14"]
[SourceQuality "1"]
[WhiteTeam "Heusenstamm"]
[BlackTeam "Gernsheim"]
[WhiteTeamCountry "GER"]
[BlackTeamCountry "GER"]

1. e4 e5 2. Nf3 Nc6 3. Bb5 Nf6 4. d3 d6 5. c3 g6 6. 0-0 Bg7 7. Nbd2 0-0 8. Re1 a6 9. Ba4 b5 10. Bc2 Re8 11. a4 b4 12. a5 Rb8 13. Ba4 Bd7 14. Nc4 bxc3 15. bxc3 d5 16. Bxc6 dxc4 17. Qa4 cxd3 18. Bg5 Re6 19. Bxf6 Bxc6 20. Bxd8 Bxa4 21. Bxc7 Rc8 22. Rxa4 Rxc7 23. Ra3 Bh6 24. Rd1 Rc4 25. Kf1 Rxe4 26. Rxd3 Rc4 27. Rb3 Kg7 28. Rd7 e4 29. Nd4 Rf6 30. Ke2 Ra4 31. Rb2 Rxa5 32. Re7 Rh5 33. h3 Bc1 34. Rbb7 e3 35. fxe3 Ra5 36. g4 Ra2+ 37. Kd3 Kf8 38. g5 Rf1 39. Rec7 1-0

[Event "Oberliga Ost-B 2223"]
[Site "Germany"]
[Date "2023.02.05"]
[Round "7.5"]
[White "Rieseler, Caroline"]
[Black "Klundt, Klaus"]
[Result "0-1"]
[WhiteElo "2128"]
[BlackElo "2277"]
[PlyCount "108"]
[EventDate "2022.09.18"]
[EventType "team-tourn"]
[EventRounds "11"]
[EventCountry "GER"]
[SourceTitle "EXT 2025"]
[Source "ChessBase"]
[SourceDate "2024.10.14"]
[SourceVersion "1"]
[SourceVersionDate "2024.10.14"]
[SourceQuality "1"]
[WhiteTeam "Hofheim II"]
[BlackTeam "Heusenstamm"]
[WhiteTeamCountry "GER"]
[BlackTeamCountry "GER"]

1. e4 c5 2. Nf3 e6 3. d4 cxd4 4. Nxd4 Nc6 5. Nc3 Qc7 6. Be3 a6 7. f4 d6 8. Qf3 Nf6 9. Bd3 Bd7 10. 0-0 Be7 11. Nb3 Rc8 12. a3 0-0 13. Rae1 b5 14. g4 b4 15. axb4 Nxb4 16. g5 Ne8 17. f5 exf5 18. Nd5 Nxd5 19. exd5 g6 20. Nd4 Qb7 21. b3 Bd8 22. c4 Bb6 23. Bc2 Ng7 24. Qf2 Rfe8 25. Bf4 Qa7 26. Rd1 Re5 27. Kh1 Rce8 28. Rd2 Nh5 29. Rfd1 Bc5 30. b4 Bxd4 31. Qxd4 Re1+ 32. Kg2 Qxd4 33. Rxd4 Nxf4+ 34. Rxf4 f6 35. h4 Kf7 36. Rxe1 Rxe1 37. Kf2 Rc1 38. Bd3 Kg7 39. Ke3 fxg5 40. hxg5 h6 41. gxh6+ Kxh6 42. Kd4 Kg5 43. Rf2 Rd1 44. Kc3 Kf6 45. Ra2 Bc8 46. Re2 f4 47. Re8 Bf5 48. Bxf5 Kxf5 49. c5 dxc5 50. bxc5 Rxd5 51. Kc4 Rd1 52. c6 f3 53. Re3 Rc1+ 54. Rc3 Rxc3+ 0-1

[Event "Oberliga Ost-B 2223"]
[Site "Germany"]
[Date "2022.11.27"]
[Round "5.4"]
[White "Klundt, Klaus"]
[Black "Bock, Marlon"]
[Result "1-0"]
[WhiteElo "2277"]
[BlackElo "1908"]
[PlyCount "61"]
[EventDate "2022.09.18"]
[EventType "team-tourn"]
[EventRounds "11"]
[EventCountry "GER"]
[SourceTitle "EXT 2025"]
[Source "ChessBase"]
[SourceDate "2024.10.14"]
[SourceVersion "1"]
[SourceVersionDate "2024.10.14"]
[SourceQuality "1"]
[WhiteTeam "Heusenstamm"]
[BlackTeam "Weimar Vimaria"]
[WhiteTeamCountry "GER"]
[BlackTeamCountry "GER"]

1. e4 c5 2. Nf3 Nc6 3. d4 cxd4 4. Nxd4 Nf6 5. Nc3 e5 6. Ndb5 d6 7. Bg5 a6 8. Na3 b5 9. Nd5 Be7 10. Bxf6 Bxf6 11. c4 b4 12. Nc2 0-0 13. g3 a5 14. h4 Be6 15. Bh3 Rc8 16. Kf1 g6 17. Kg2 Bg7 18. Qd3 Nb8 19. h5 Nd7 20. hxg6 hxg6 21. Nce3 Nc5 22. Qc2 Rc6 23. Rad1 Qd7 24. Nf5 gxf5 25. exf5 e4 26. Qe2 f6 27. fxe6 Nxe6 28. Qxe4 Re8 29. Rde1 Kf7 30. Bf5 Rcc8 31. Qg4 1-0

[Event "Heusenstamm Sparkassen op 8th"]
[Site "Heusenstamm"]
[Date "2022.11.20"]
[Round "7"]
[White "Klundt, Klaus"]
[Black "Stuemer, Paul"]
[Result "1-0"]
[WhiteElo "2273"]
[BlackElo "2009"]
[PlyCount "93"]
[EventDate "2022.11.17"]
[EventType "swiss"]
[EventRounds "7"]
[EventCountry "GER"]
[SourceTitle "CBM 212 Extra"]
[Source "ChessBase"]
[SourceDate "2023.03.31"]
[SourceVersion "1"]
[SourceVersionDate "2023.03.31"]
[SourceQuality "1"]

1. e4 c5 2. Nf3 Nc6 3. d4 cxd4 4. Nxd4 g6 5. c4 Bh6 6. Nc3 d6 7. Be2 Bxc1 8. Rxc1 Nf6 9. 0-0 0-0 10. Qd2 Be6 11. Rfd1 Rc8 12. Nc2 a6 13. Ne3 Qa5 14. Ncd5 Bxd5 15. Qxa5 Nxa5 16. Nxd5 Nxd5 17. cxd5 b5 18. Kf1 Nc4 19. Bxc4 bxc4 20. Rd4 Rb8 21. Rc2 Rfc8 22. Ke2 Rc5 23. Kd2 Kf8 24. Kc3 Rbc8 25. f4 Ke8 26. e5 dxe5 27. fxe5 Rd8 28. Rcd2 Rd7 29. g4 Kf8 30. g5 Ke8 31. h4 Kd8 32. e6 fxe6 33. dxe6 Rxd4 34. Rxd4+ Kc7 35. Rd7+ Kc6 36. Rxe7 Re5 37. Rxh7 Rxe6 38. Kxc4 Re4+ 39. Kd3 Rg4 40. Rh6 Kb5 41. b3 a5 42. Ke3 Kb4 43. Kf3 Rd4 44. Rxg6 Rxh4 45. Rb6+ Ka3 46. Rb5 Kxa2 47. g6 1-0

[Event "EU-chT Seniors 65"]
[Site "Dresden"]
[Date "2022.11.03"]
[Round "8.3"]
[White "Klundt, Klaus"]
[Black "Kalinitschew, Sergey"]
[Result "1-0"]
[WhiteElo "2282"]
[BlackElo "2398"]
[PlyCount "129"]
[EventDate "2022.10.27"]
[EventType "team-swiss"]
[EventRounds "9"]
[EventCountry "GER"]
[SourceTitle "EXT 2024"]
[Source "ChessBase"]
[SourceDate "2023.10.10"]
[SourceVersion "1"]
[SourceVersionDate "2023.10.10"]
[SourceQuality "1"]
[WhiteTeam "Germany 65 III"]
[BlackTeam "Lasker Schachstiftung 65"]
[WhiteTeamCountry "GER"]
[BlackTeamCountry "GER"]

1. e4 c5 2. Nf3 Nc6 3. d4 cxd4 4. Nxd4 e5 5. Nb5 d6 6. N1c3 a6 7. Na3 Be6 8. Nc4 Rb8 9. Bd3 Nf6 10. Bg5 Be7 11. 0-0 h6 12. Bxf6 Bxf6 13. Ne3 0-0 14. Bc4 Bg5 15. Ncd5 b5 16. Bb3 a5 17. c3 Qd7 18. Qd3 g6 19. Rad1 a4 20. Bc2 Qa7 21. a3 Na5 22. Qe2 f5 23. exf5 gxf5 24. h4 Bxe3 25. Nxe3 Qe7 26. Qh5 Rf6 27. Bxf5 Bf7 28. Qf3 Kh8 29. Ng4 Bh5 30. Qe4 Bxg4 31. Bxg4 Nc4 32. Be2 Rg8 33. Bxc4 bxc4 34. Qxc4 Rf4 35. Qd5 Qxh4 36. g3 Rfg4 37. Rd3 R4g6 38. Re1 Qg5 39. Kg2 h5 40. Qe4 h4 41. Rh1 Rh6 42. Rf3 Qe7 43. Qxa4 Rb8 44. Qe4 Rxb2 45. c4 Rb8 46. Rxh4 Rxh4 47. Qxh4+ Qxh4 48. gxh4 Rc8 49. Rc3 Rc5 50. a4 d5 51. Kf3 dxc4 52. Ke2 Kg7 53. Ra3 c3 54. Kd1 Rd5+ 55. Kc2 Rd2+ 56. Kxc3 Rxf2 57. a5 Rf3+ 58. Kb4 Rf4+ 59. Kc5 Rxh4 60. a6 Rh8 61. a7 Ra8 62. Kb6 Kf6 63. Kb7 Re8 64. a8Q Rxa8 65. Rxa8 1-0

[Event "EU-chT Seniors 65"]
[Site "Dresden"]
[Date "2022.10.30"]
[Round "4.3"]
[White "Povah, Nigel Edward"]
[Black "Klundt, Klaus"]
[Result "1/2-1/2"]
[WhiteElo "2205"]
[BlackElo "2282"]
[PlyCount "44"]
[EventDate "2022.10.27"]
[EventType "team-swiss"]
[EventRounds "9"]
[EventCountry "GER"]
[SourceTitle "EXT 2024"]
[Source "ChessBase"]
[SourceDate "2023.10.10"]
[SourceVersion "1"]
[SourceVersionDate "2023.10.10"]
[SourceQuality "1"]
[WhiteTeam "England 65"]
[BlackTeam "Germany 65 III"]
[WhiteTeamCountry "ENG"]
[BlackTeamCountry "GER"]

1. d4 d5 2. Nf3 Nf6 3. g3 c6 4. Bg2 Bf5 5. c4 e6 6. Nc3 Nbd7 7. Qb3 Qb6 8. c5 Qa6 9. Bf1 b5 10. Nh4 Bg6 11. Nxg6 hxg6 12. a4 b4 13. Qxb4 Rb8 14. Qa3 e5 15. e3 Qb7 16. Na2 a5 17. Rb1 Ne4 18. b4 Be7 19. b5 exd4 20. exd4 Ndxc5 21. Be3 Ne6 22. Qd3 0-0 1/2-1/2

[Event "Oberliga Ost-B 2223"]
[Site "Germany"]
[Date "2022.10.23"]
[Round "3.4"]
[White "Erdmann, Stefan"]
[Black "Klundt, Klaus"]
[Result "1-0"]
[WhiteElo "2156"]
[BlackElo "2277"]
[PlyCount "87"]
[EventDate "2022.09.18"]
[EventType "team-tourn"]
[EventRounds "11"]
[EventCountry "GER"]
[SourceTitle "EXT 2025"]
[Source "ChessBase"]
[SourceDate "2024.10.14"]
[SourceVersion "1"]
[SourceVersionDate "2024.10.14"]
[SourceQuality "1"]
[WhiteTeam "Bad Homburg"]
[BlackTeam "Heusenstamm"]
[WhiteTeamCountry "GER"]
[BlackTeamCountry "GER"]

1. d4 Nf6 2. c4 g6 3. Nf3 Bg7 4. Nc3 0-0 5. g3 d6 6. Bg2 Nc6 7. 0-0 Rb8 8. b3 a6 9. d5 Na5 10. Bg5 c5 11. dxc6 Nxc6 12. Rc1 h6 13. Bd2 Bf5 14. Ne1 Qd7 15. e4 Bg4 16. f3 Bh3 17. Be3 Bxg2 18. Kxg2 b5 19. Nd5 bxc4 20. Nxf6+ exf6 21. Rxc4 Rfe8 22. Qd2 Kh7 23. Nd3 Ne5 24. Nxe5 fxe5 25. Rfc1 Bf8 26. Rc7 Qe6 27. Ra7 Rec8 28. Rxa6 f5 29. Ra7+ Kg8 30. Rac7 fxe4 31. fxe4 Rxc7 32. Rxc7 g5 33. Qc2 Ra8 34. a4 Rb8 35. Rc3 g4 36. Qd3 Kh8 37. a5 Bg7 38. a6 Qf7 39. Qe2 Qg6 40. Qc2 Kh7 41. a7 Rf8 42. Bf2 h5 43. b4 Kh6 44. Ra3 1-0

[Event "GER-ch Seniors 65 34th"]
[Site "Magdeburg"]
[Date "2022.08.19"]
[Round "8"]
[White "Polster, Wolfgang"]
[Black "Klundt, Klaus"]
[Result "1/2-1/2"]
[WhiteElo "2237"]
[BlackElo "2288"]
[PlyCount "79"]
[EventDate "2022.08.12"]
[EventType "swiss"]
[EventRounds "9"]
[EventCountry "GER"]
[SourceTitle "CBM 209 Extra"]
[Source "ChessBase"]
[SourceDate "2022.09.30"]
[SourceVersion "1"]
[SourceVersionDate "2022.09.30"]
[SourceQuality "1"]

1. e4 c5 2. Nf3 e6 3. d4 cxd4 4. Nxd4 Nc6 5. Nc3 Qc7 6. Be2 a6 7. 0-0 Nf6 8. Be3 Bb4 9. Na4 Be7 10. Nxc6 bxc6 11. Nb6 Rb8 12. Nxc8 Qxc8 13. e5 Nd5 14. Bc1 Bc5 15. Qd3 Qc7 16. Qe4 d6 17. Qg4 0-0 18. c4 Ne7 19. exd6 Bxd6 20. g3 Be5 21. Rb1 c5 22. Bf3 Nf5 23. Re1 Nd4 24. Bd1 f5 25. Qh3 Bf6 26. Bd2 e5 27. f3 Rbe8 28. Qg2 Qc6 29. Kh1 Re6 30. b4 cxb4 31. Bxb4 Rb8 32. Rb2 e4 33. fxe4 Rxe4 34. Rxe4 fxe4 35. Ba3 Rxb2 36. Bxb2 Qxc4 37. Bxd4 Qxd4 38. Bb3+ Kf8 39. Qc2 Bd8 40. Kg2 1/2-1/2

[Event "GER-ch Seniors 65 34th"]
[Site "Magdeburg"]
[Date "2022.08.18"]
[Round "7"]
[White "Heinemann, Ernst"]
[Black "Klundt, Klaus"]
[Result "0-1"]
[WhiteElo "2120"]
[BlackElo "2288"]
[PlyCount "90"]
[EventDate "2022.08.12"]
[EventType "swiss"]
[EventRounds "9"]
[EventCountry "GER"]
[SourceTitle "CBM 209 Extra"]
[Source "ChessBase"]
[SourceDate "2022.09.30"]
[SourceVersion "1"]
[SourceVersionDate "2022.09.30"]
[SourceQuality "1"]

1. e4 c5 2. Nf3 e6 3. Nc3 a6 4. d4 cxd4 5. Nxd4 Nc6 6. Nxc6 bxc6 7. Bd3 Qc7 8. 0-0 Nf6 9. Qe2 Be7 10. b3 d5 11. Bb2 0-0 12. e5 Nd7 13. Na4 Nc5 14. Nxc5 Bxc5 15. Kh1 a5 16. a4 Qa7 17. Rad1 Ba6 18. f4 Rfe8 19. Qg4 g6 20. f5 Bxd3 21. Rxd3 exf5 22. Rxf5 Qd7 23. Rdf3 Bf8 24. Qg3 Ra7 25. h4 Bg7 26. h5 Re6 27. hxg6 hxg6 28. Rg5 Qe8 29. Qh4 c5 30. Rh3 d4 31. Qh7+ Kf8 32. Ba3 Rc7 33. Rf3 Qc6 34. Rg4 Bxe5 35. Qh4 Kg8 36. Bc1 Rce7 37. Bg5 Re8 38. Re4 Bg7 39. Rxe6 Qxe6 40. Bd2 Qe2 41. Qf4 f5 42. Bxa5 Qxc2 43. Bc7 Qd1+ 44. Kh2 Re1 45. Kg3 Re4 0-1

[Event "Altenkirchen Seniors op 19th"]
[Site "Altenkirchen"]
[Date "2022.07.27"]
[Round "9"]
[White "Hassenrueck, Helmut"]
[Black "Klundt, Klaus"]
[Result "1-0"]
[WhiteElo "2143"]
[BlackElo "2288"]
[PlyCount "75"]
[EventDate "2022.07.19"]
[EventType "swiss"]
[EventRounds "9"]
[EventCountry "GER"]
[SourceTitle "EXT 2023"]
[Source "ChessBase"]
[SourceDate "2022.10.05"]
[SourceVersion "1"]
[SourceVersionDate "2022.10.05"]
[SourceQuality "1"]

1. d4 Nf6 2. Nf3 d5 3. c4 e6 4. Nc3 Be7 5. Bf4 0-0 6. e3 Nbd7 7. c5 Ne4 8. h4 b6 9. c6 Ndf6 10. Bd3 Nxc3 11. bxc3 Ne4 12. Ng5 f5 13. Bxe4 fxe4 14. Qh5 h6 15. Qg6 Bxg5 16. hxg5 Qe8 17. Qxe8 Rxe8 18. gxh6 Re7 19. Kd2 Ba6 20. Be5 gxh6 21. Rxh6 Rf8 22. Rh8+ Kf7 23. Rah1 Rxh8 24. Rxh8 Bb5 25. Bxc7 Bxc6 26. Bf4 Bb5 27. g4 Kg6 28. Rh6+ Kg7 29. g5 Kg8 30. Be5 Rh7 31. Rg6+ Kf7 32. Rf6+ Ke7 33. Rh6 Rf7 34. Rh2 Rf5 35. g6 Rg5 36. Rh7+ Kf8 37. Rh8+ Ke7 38. g7 1-0